书目信息 |
| 题名: |
官印鉴赏
|
|
| 作者: | 白云 编 | |
| 分册: | ||
| 出版信息: | 北京 中国戏剧出版社 2008.01 |
|
| 页数: | 377页 | |
| 开本: | 24cm | |
| 丛书名: | ||
| 单 册: | ||
| 中图分类: | J292.42 | |
| 科图分类: | ||
| 主题词: | 汉字--官印 | |
| 电子资源: | ||
| ISBN: | 978-7-104-02491-0 | |
| 000 | 00583nam0 2200205 450 | |
| 001 | 1150329812 | |
| 005 | 20111227140004.64 | |
| 010 | @a978-7-104-02491-0@dCNY76.80 | |
| 100 | @a20111227d2008 km y0chiy0120 ea | |
| 101 | 0 | @achi |
| 102 | @aCN@b110000 | |
| 105 | @ay z 000yy | |
| 200 | 1 | @a官印鉴赏@Aguan yin jian shang@f白云编@Fbai yun bian |
| 210 | @a北京@c中国戏剧出版社@d2008.01 | |
| 215 | @a377页@d24cm | |
| 606 | 0 | @a汉字@x官印 |
| 690 | @aJ292.42@v4 | |
| 701 | 0 | @a白云@Abai yun@4编 |
| 801 | 0 | @aCN@b大连网信软件有限公司图书馆·11@c20111227 |
| 905 | @aZUCC@dJ292.42@eB155@f3 | |
| 官印鉴赏/白云编.-北京:中国戏剧出版社,2008.01 |
| 377页;24cm |
| ISBN 978-7-104-02491-0:CNY76.80 |
| ● |
| 相关链接 |
|
|
|
正题名:官印鉴赏
索取号:J292.42/B155
 
预约/预借
| 序号 | 登录号 | 条形码 | 馆藏地/架位号 | 状态 | 备注 |
| 1 | 1181990 | 211819905 | 社科库309/309社科库 81排2列4层/ [索取号:J292.42/B155] | 在馆 | |
| 2 | 1181991 | 211819914 | 社科库309/309社科库 81排2列4层/ [索取号:J292.42/B155] | 在馆 | |
| 3 | 1181992 | 211819923 | 社科库309/309社科库 81排2列4层/ [索取号:J292.42/B155] | 在馆 |